| 000 | 01324nam a2200349 4500 | ||
|---|---|---|---|
| 001 | 327 | ||
| 003 | OSt | ||
| 005 | 20250528074018.0 | ||
| 008 | 250327b |||||||g |||| 00| 1 eng d | ||
| 040 | _bpor | ||
| 041 |
_heng _apor |
||
| 082 |
_a028.5 _bK16b |
||
| 100 | 1 |
_aKane, Bob, _d1916-1998 _9670 |
|
| 240 | _aBatman special n° 33 | ||
| 245 |
_aBatman - especial n° 33 / _cKane, Bob ; História de Denny O´Neil e Desenho de Bob Brown e Dick Giordano |
||
| 260 |
_aSão Paulo _bEBAL _c1973 |
||
| 300 |
_a34 p. _bil. |
||
| 490 | 1 |
_aBatman (em cores) 1° série _vvol. 33 |
|
| 520 | _aPublicada pela primeira vez em Batman (1940) n° 248/1973 - DC Comics Batman volta a enfrentar o Coronel Sulphur e, de quebra, encara um ex-marinheiro que traiu os Aliados durante a Segunda Guerra Mundial em troca de um lendário diamante japonês cujo paradeiro pretende descobrir não importa a que custo. | ||
| 650 | 0 |
_aLiteratura Americana _984 |
|
| 650 | 0 |
_aInfantojuvenil _9200 |
|
| 650 | 0 |
_aAventura _947 |
|
| 650 | 0 |
_aAção _964 |
|
| 650 | 0 |
_aSuper-heróis _9671 |
|
| 655 | 0 |
_aHQs _9247 |
|
| 655 | 0 |
_aFicção _922 |
|
| 700 |
_aDenny O´Neil _eHistória _9675 |
||
| 700 |
_aBob Brown _eDesenho _9676 |
||
| 700 |
_aDick Giordano _eDesenho _9677 |
||
| 830 |
_aBatman (em cores) 1° série _vvol. 33 _9674 |
||
| 942 |
_2ddc _n0 _cBK |
||
| 999 |
_c327 _d327 |
||